| Registos Bibliográficos associados ao registo de autoridade |
|
Etiqueta de registo: 01079cam 02200289 04500 001 253663 003 http://id.bnportugal.gov.pt/bib/catbnp/253663 005 19981205135700.0 021 ## $aPT$b39958/90 095 ## $aPTBN00263851 100 ## $a19910104d1990 m y0pory0103 ba 101 0# $apor 102 ## $aPT 105 ## $aa z 101yy 106 ## $ar 200 1# $aActas$fdas 1ªs Jornadas de Actualização e Inovação Pedagógica$gorg. Centro de Actualização e Inovação Pedagógica, Instituto Nun'Álvres e Didálvi 210 #9 $aCaldas da Saúde, Santo Tirso$cC.A.I.P./INA-DIDALVI,$dD.L.1990 215 ## $a116, [4] p.$cil.$d23 cm 675 ## $a37.02$vBN$zpor$3288044 675 ## $a061.3(469)"1989"$vBN$zpor$3337015 710 12 $aJornadas de Actualização e Inovação Pedagógica,$d1,$eCaldas da Saúde,$f1989$31097236 712 02 $aCentro de Actualização e Inovação Pedagógica$4070$336342 712 02 $aInstituto Nuno Álvares$c(Porto)$4070$398722 712 02 $aColégio Didálvi$c(Barcelos)$4070$3100974 801 #0 $aPT$bBN$gRPC 966 ## $c2$lBN$mFGMON$sS.C. 64727 V.$x1 966 ## $c2$lBN$mFGMON$sS.C. 64727 V.$x1 997 ## $aBIBEOD
Etiqueta de registo: 00819cas 2200289 450 001 897466 003 http://id.bnportugal.gov.pt/bib/catbnp/897466 005 19990727175200.0 021 ## $aPT$b122009/98 095 ## $aPTBN01024677 100 ## $a19981123a19989999m y0pory0103 ba 101 0# $apor 102 ## $aPT 106 ## $ar 110 ## $aauuzz..0zz0 200 1# $aCriatividade e inovação$fpropr. Didálvi$gdir. João Alvarenga Fernandes 207 #0 $a1 (1998)- 210 #9 $aBarcelos$cDidálvi,$d1998- 215 ## $d30 cm 620 ## $dBarcelos 675 ## $a796/799(05)$vBN$zpor$3289218 702 #1 $aFernandes,$bJoão Alvarenga$4300$374297 712 02 $aColégio Didálvi$c(Barcelos)$4650$3100974 801 #0 $aPT$bBN$gRPC 966 ## $c2$d1$lBN$mFGREV$sP.P. 24198 V.$x1
Etiqueta de registo: 00814cas 02200277 04500 001 37414 003 http://id.bnportugal.gov.pt/bib/catbnp/37414 021 ## $aPT$b91356/95 100 ## $a19860701a19869999m y0pora0103 ba 101 0# $apor 102 ## $aPT 106 ## $ar 110 ## $aakazz 0yu0 200 1# $aAnuário$fColégio Didálvi Cooperativa de Ensino de Alvito S. Pedro 207 #0 $a1985/86- 210 #9 $aAlvito S. Pedro$cD.C.E.A.S.P.,$d1986- 215 ## $d27 cm 326 ## $aAnual 606 ## $2SIPOR$39048 606 ## $2SIPOR$3277701 620 ## $aAlvito São Pedro 675 ## $a373(469.412)(051)$vBN$zpor$31467701 712 02 $aColégio Didálvi$c(Barcelos)$4650$3100974 801 #0 $aPT$bBN$gRPC 966 ## $lBN$mFGREV$sP.P. 17994 V.
Etiqueta de registo: 00000nkm 2200025 450 001 2278960 003 http://id.bnportugal.gov.pt/bib/catbnp/2278960 100 ## $a20260310d1991 m y0pory01030103ba 101 0# $apor 102 ## $aPT 200 1# $a3ªs Jornadas de Actualização e Inovação Pedagógica, Santo Tirso, 17 a 19 de julho,
3 a 6 de setembro 1991$bVisual gráfico]$gdesenho Albertina Bizarro 210 #9 $a[S.l.$cs.n.],$d1991$eMaia :$gSerafim Silva - Artes Gráficas) 215 ## $a1 cartaz$ccolor.$d68,5x48,2 cm 317 ## $aColeção Madeira Luís 702 #1 $aBizarro,$bAlbertina,$f1946-$321112 710 01 $aJornadas de Actualização e Inovação Pedagógica,$d3,$eSanto Tirso,$f1991$31993464 712 02 $aColégio Didálvi$c(Barcelos)$3100974 712 02 $aInstituto Nuno Álvares$c(Porto)$398722 712 02 $aColégio São João de Brito$3267580 712 02 $aColégio Apostólico da Imaculada da Conceição$31093930 801 #0 $aPT$bBN$gRPC 966 ## $lBN$mICONOG$sCT. 24247 A.$x3 971 ## $cCatmusica8$d20260310 995 ## $aPRR2026
|
|
|